| 000 | 00539nam a2200157 a 4500 | ||
|---|---|---|---|
| 001 | 2367 | ||
| 003 | CDMR | ||
| 005 | 20130315104447.0 | ||
| 008 | 130130s1997||||||||||||||||||||||||||||d | ||
| 020 | _a8483004070 | ||
| 040 |
_aCDMR _bcat _cCDMR |
||
| 111 | 2 |
_aJornades Parlamentàries sobre Mitjans de Comunicació Audiovisual _cBarcelona _d1997 _n1es _9738 |
|
| 245 | 1 | 3 |
_aLa televisió a l'era digital _cpròleg de Joan Reventós ; introducció de Xavier Guitart ; Carole Tongue ... [et al.] |
| 260 |
_aBarcelona _c1997 _bColumna |
||
| 942 |
_cMON _2udc |
||
| 999 |
_c2367 _d2367 |
||